[Event "ch-Moscow w 2012"]
[Site "Moscow RUS"]
[Date "2012.03.21"]
[Round "5"]
[White "Utiatskaja,Irina"]
[Black "Ambartsumova,K"]
[Result "0-1"]
[WhiteElo "1915"]
[BlackElo "2318"]

1.e4 c5 2.Nf3 e6 3.d4 cxd4 4.Nxd4 a6 5.Bd3 g6 6.c4 Bg7 7.Nb3 Ne7 8.Nc3 Nbc6
9.Be2 O-O 10.Bg5 h6 11.Bf4 Ne5 12.Qd2 Kh7 13.O-O g5 14.Be3 N7g6 15.Na4 Nxc4
16.Bxc4 b5 17.Nb6 Rb8 18.Bd3 Rxb6 19.Bxb6 Qxb6 20.Rac1 Be5 21.g3 Bb7 22.Bb1 Bc6
23.Rfd1 b4 24.Nc5 Rd8 25.Nd3 Bd6 26.e5 Be7 27.Ne1 Kg7 28.Bxg6 fxg6 29.Ng2 Rf8
30.Ne3 Bc5 31.Ng4 Rf3 32.Qc2 Be7 33.Ne3 Qb5 34.Nc4 h5 35.Rd2 g4 36.Re1 Bg5
37.Rdd1 Rf8 38.Qd3 Qc5 39.Ne3 Rf7 40.Qxa6 Qxe5 41.Nxg4 Qf5 42.Qd3 Qxg4 43.Qd4+ Bf6
44.Qxg4 hxg4 45.b3 Bc3 46.Re3 Bb2 47.h3 gxh3 48.f4 g5 49.fxg5 Kg6 50.Kh2 Kxg5
51.g4 Bg2 52.Kg3 Bf6 53.Re2 Bd8 54.Re5+ Kg6 55.Rc5 Bb6 56.Rb5 Bc7+  0-1

[Event "Caissa GM March 2012"]
[Site "Kecskemet HUN"]
[Date "2012.03.24"]
[Round "8.2"]
[White "Idani,P"]
[Black "Battey,A"]
[Result "1-0"]
[WhiteElo "2451"]
[BlackElo "2382"]

1.e4 c5 2.Nf3 e6 3.d4 cxd4 4.Nxd4 a6 5.Bd3 Bc5 6.Nb3 Ba7 7.Qg4 Nf6 8.Qg3 d6
9.Nc3 Nc6 10.Bg5 h6 11.Bd2 Nh5 12.Qf3 Nf6 13.Qg3 Nh5 14.Qf3 Nf6 15.Qe2 e5
16.O-O-O Be6 17.h3 Rc8 18.f4 b5 19.Kb1 Nd4 20.Nxd4 Bxd4 21.Nd5 Bxd5 22.exd5 O-O
23.c3 e4 24.Bc2 Qc7 25.Bc1 Bb6 26.g4 Rfe8 27.g5 hxg5 28.fxg5 Nd7 29.Rdf1 Qc4
30.Qg4 Ne5 31.Qxe4 Qxe4 32.Bxe4 a5 33.h4 Rc4 34.Bc2 b4 35.cxb4 Rxb4 36.a3 Rg4
37.h5 Rb8 38.g6 Bd4 39.Rh2 fxg6 40.hxg6 Rg1 41.Rxg1 Bxg1 42.Rh1 Bd4 43.Bf5  1-0

[Event "ch-Moscow w 2012"]
[Site "Moscow RUS"]
[Date "2012.03.24"]
[Round "8"]
[White "Frolova,E"]
[Black "Vasilevich,I"]
[Result "1-0"]
[WhiteElo "2000"]
[BlackElo "2380"]

1.e4 c5 2.Nf3 e6 3.d4 cxd4 4.Nxd4 a6 5.Bd3 Qc7 6.O-O Nf6 7.Nc3 Nc6 8.Be3 Ne5
9.h3 Bc5 10.Kh1 d6 11.Qe2 O-O 12.a3 Ng6 13.f4 Re8 14.Nb3 Bxe3 15.Qxe3 b5
16.Rae1 Bb7 17.Nd4 Qc5 18.f5 exf5 19.Rxf5 Re5 20.Rxe5 dxe5 21.Nf5 Qxe3 22.Rxe3 Rd8
23.g3 Kf8 24.Kg1 Ne7 25.Nxe7 Kxe7 26.Kf2 Nd7 27.Nd5+ Kd6 28.c4 Nc5 29.Nc3 Ke7
30.Nd5+ Kd6 31.Nc3 Ke6 32.Be2 Rd2 33.b4 Nb3 34.cxb5 Nd4 35.Ke1 Rxe2+ 36.Nxe2 Nc2+
37.Kf2 Nxe3 38.bxa6 Nd1+ 39.Ke1 Bxe4 40.Kxd1 Kd6 41.Nc3 Bg2 42.h4 f5 43.Ke2 Kc7
44.Na4 f4 45.gxf4 exf4 46.b5 h6 47.b6+ Kc6 48.b7 Kc7 49.Nc5 Bc6 50.Ne6+ Kb8
51.Nxg7 Bb5+ 52.Kf3 Bxa6 53.Kxf4 Kxb7 54.Nf5 h5 55.Kg5 Bd3 56.Ng3 Kb6 57.Nxh5 Be2
58.Nf6 Ka5 59.Ng4 Ka4 60.h5 Kxa3 61.h6 Bd3 62.Kf6 Kb4 63.Ne5  1-0

[Event "TCh-HUN 2011-12"]
[Site "Komarom HUN"]
[Date "2012.03.25"]
[Round "8"]
[White "Bagi,M"]
[Black "Fogarasi,T"]
[Result "1/2-1/2"]
[WhiteElo "2309"]
[BlackElo "2404"]

1.e4 c5 2.Nf3 e6 3.d4 cxd4 4.Nxd4 a6 5.Bd3 Nf6 6.O-O e5 7.Bg5 h6 8.Bxf6 Qxf6
9.Nf5 g6 10.Ne3 Bc5 11.Nc3 d6 12.Ncd5 Qd8 13.b4 Ba7 14.Bc4 Be6 15.Qd3 Nc6
16.c3 O-O 17.a4 a5 18.b5 Ne7 19.Nxe7+ Qxe7 20.Nd5 Qd8 21.Kh1 Bc5 22.f4 exf4
23.Rxf4 Kg7 24.Raf1 Rc8  1/2-1/2

[Event "TCh-NED Meesterklasse 2011-12"]
[Site "Netherlands NED"]
[Date "2012.03.31"]
[Round "8.8"]
[White "De Groote,E"]
[Black "Dambacher,M"]
[Result "1-0"]
[WhiteElo "2297"]
[BlackElo "2496"]

1.e4 c5 2.Nf3 e6 3.d4 cxd4 4.Nxd4 a6 5.Bd3 Bc5 6.Nb3 Be7 7.O-O d6 8.c4 Nf6
9.Nc3 b6 10.f4 Nc6 11.Qf3 Bb7 12.Be3 Rc8 13.a3 Nd7 14.Rad1 Bf6 15.Qh3 Bxc3
16.bxc3 Qe7 17.Qg3 f6 18.Qh3 e5 19.c5 bxc5 20.Bc4 Nd8 21.Nd2 Nb6 22.Bb3 Rc6
23.f5 Nf7 24.Qg4 Nh6 25.Bxh6 gxh6 26.Be6 c4 27.Rb1 Kd8 28.Rb4 Kc7 29.Rfb1 Rb8
30.Qg3 a5 31.Rb5 Ba6 32.Rxa5 Ra8 33.Qe3 Rc5 34.Rxc5+ dxc5 35.Qxh6 Rd8 36.a4 Nxa4
37.Ra1 Bb5 38.Nxc4 Kb8 39.Qe3 Bxc4 40.Bxc4 Nb6 41.Bf1 Kb7 42.Qe2 c4 43.Ra4 Ra8
44.Rxa8 Kxa8 45.Qe3 Kb7 46.h4 h6 47.Be2 Qf8 48.Kh2 Kc6 49.Kh3 Qg7 50.Bh5 Qf8
51.Bg6 Qd8 52.Kg4 Qd1+ 53.Qf3 Qd2 54.Kh5 Kd7 55.Bf7 Na4 56.Bxc4 Nxc3 57.Qd3+  1-0

[Event "ch-Urals Men 2012"]
[Site "Satka RUS"]
[Date "2012.03.31"]
[Round "8"]
[White "Sazonova,A"]
[Black "Chernyuk,Mikhail"]
[Result "0-1"]
[WhiteElo "1930"]
[BlackElo "2256"]

1.e4 c5 2.Nf3 e6 3.d4 cxd4 4.Nxd4 a6 5.Bd3 Qc7 6.O-O Nf6 7.Qe2 d6 8.c4 Be7
9.Nc3 O-O 10.Be3 Nbd7 11.f3 b6 12.Rac1 Bb7 13.b3 Rac8 14.Rfd1 Qb8 15.Qf2 Bd8
16.Nde2 Bc7 17.Ng3 Kh8 18.Bb1 Rg8 19.Nf1 g5 20.Bd4 Rg7 21.Qb2 Ne5 22.Qf2 Bc6
23.Kh1 Rcg8 24.Ne3 h5 25.Rf1 Rg6 26.Qe2 Bd8 27.f4 gxf4 28.Rxf4 Be7 29.Rcf1 Kg7
30.Bxe5 dxe5 31.R4f2 Rf8 32.Ncd5 Qd8 33.Nxe7 Qxe7 34.Qf3 Rd8 35.Rd1 Rd4 36.Rxd4 exd4
37.Nd1 Ng4 38.Rf1 Rf6 39.Qe2 Qd6 40.g3 Rxf1+ 41.Qxf1 Qe5 42.Qe1 f5 43.Nb2 fxe4
44.Kg1 d3 45.Nd1 Qd4+  0-1

[Event "TCh-BEL 2011-12"]
[Site "Belgium BEL"]
[Date "2012.04.01"]
[Round "11.8"]
[White "Baert,A"]
[Black "Klein,Fe"]
[Result "0-1"]
[WhiteElo "2183"]
[BlackElo "2246"]

1.e4 c5 2.Nf3 e6 3.d4 cxd4 4.Nxd4 a6 5.Bd3 Nf6 6.O-O e5 7.Nb3 Nc6 8.Nc3 d6
9.a4 Be6 10.Bg5 Be7 11.Bxf6 Bxf6 12.Nd2 Nb4 13.Nc4 Rc8 14.Ne3 Bg5 15.Ned5 Bxd5
16.exd5 O-O 17.a5 Rc5 18.Be4 Rxa5 19.Rxa5 Qxa5 20.Qh5 h6 21.h4 Bd2 22.Nb1 Nxd5
23.Qd1 Nf6 24.Nxd2 d5 25.Nb3 Qb5 26.Bd3 Qb4 27.Qe1 Qd6 28.Qd2 Rc8 29.Re1 Ng4
30.Bf5 Rc4 31.Bxg4 Rxg4 32.Qc3 Rc4 33.Qd2 Rxh4 34.g3 Rc4 35.Rd1 d4 36.c3 Qb6
37.Nc1 dxc3 38.bxc3 Qc7 39.Ne2 b5 40.Qd8+ Qxd8 41.Rxd8+ Kh7 42.Kg2 b4 43.cxb4 Rxb4
44.Rd5 Rb5 45.Rd6 Ra5 46.g4 Ra4 47.f3 Ra2 48.Kf2 a5 49.Ke3 a4 50.Ra6 Ra1
51.Ra5 f6 52.Ra7 a3 53.Ng3 a2 54.Kf2 Kg8 55.Nf5 Rh1 56.Ra8+ Kh7  0-1

[Event "TCh-BEL 2011-12"]
[Site "Belgium BEL"]
[Date "2012.04.01"]
[Round "11.5"]
[White "Decoster,F"]
[Black "Weimann,M"]
[Result "1/2-1/2"]
[WhiteElo "2316"]
[BlackElo "2163"]

1.e4 c5 2.Nf3 e6 3.d4 cxd4 4.Nxd4 a6 5.Bd3 Bc5 6.Nb3 Ba7 7.Qg4 Nf6 8.Qe2 d6
9.O-O O-O 10.Bg5 Nc6 11.Na3 h6 12.Bh4 Ne5 13.Rad1 Ng6 14.Bg3 e5 15.Kh1 h5
16.h3 Be6 17.Bc4 Qe7 18.Nd2 h4 19.Bh2 Rad8 20.Bd3 Nh7 21.Nac4 Rfe8 22.Nf3 Ng5
23.Ncd2 Nh7 24.c4 Qf6 25.Nb1 Ng5 26.Nxg5 Qxg5 27.Nc3 Rc8 28.a4 Bb6 29.b3 Bd4
30.Nb1 a5 31.Nd2 Bc5 32.Nf3 Qf6 33.Ne1 b6 34.Nc2 Qg5 35.Rfe1 Rcd8 36.Ne3 Bb4
37.Rf1 Bc5 38.Nf5 Nf4 39.Qf3 g6 40.Ne3 Qh5 41.Ng4 Bxg4 42.hxg4 Qg5 43.Bxf4 Qxf4
44.Qxf4 exf4  1/2-1/2

[Event "TCh-CZE Liga1 Vychod"]
[Site "Czech Rep CZE"]
[Date "2012.04.01"]
[Round "11"]
[White "Piza,V"]
[Black "Navratil,F"]
[Result "1-0"]
[WhiteElo "2252"]
[BlackElo "2193"]

1.e4 c5 2.Nf3 e6 3.d4 cxd4 4.Nxd4 a6 5.Bd3 b5 6.O-O Bb7 7.a4 Qf6 8.Nf3 b4
9.Nbd2 Nc6 10.Nc4 Bc5 11.e5 Qe7 12.Be3 Kf8 13.Qd2 d5 14.exd6 Bxd6 15.Nxd6 Qxd6
16.Ng5 Nge7 17.Nxf7 Qd5 18.Nxh8 Kg8 19.f3 Rd8 20.Rad1 Kxh8 21.Be4 Qa5 22.Qf2 Re8
23.b3 Qe5 24.Bd4 Qh5 25.Bc5 Nd5 26.Bxd5 exd5 27.Rfe1 Rc8 28.Re6 h6 29.Rde1 Kh7
30.Bb6 d4 31.Bxd4 Qf5 32.Re7  1-0

[Event "European Senior Teams 2012"]
[Site "Rogaska Slatina SLO"]
[Date "2012.04.01"]
[Round "6.23"]
[White "Nilsson,Weine"]
[Black "Pitkanen,Ju"]
[Result "1-0"]
[WhiteElo "1965"]
[BlackElo "1715"]

1.e4 c5 2.Nf3 e6 3.d4 cxd4 4.Nxd4 a6 5.Bd3 Bc5 6.Nb3 Be7 7.Nc3 d6 8.Be3 Nf6
9.f4 Nbd7 10.Qf3 Qc7 11.g4 g6 12.O-O-O b5 13.Ne2 Bb7 14.g5 Nh5 15.Ng3 Ng7
16.h4 Nf5 17.Nxf5 exf5 18.Bd4 Rg8 19.Rhe1 Nc5 20.Nxc5 dxc5 21.Be5 Qa5 22.Qe3 O-O-O
23.exf5 Qxa2 24.f6 Bf8 25.c3 c4 26.Bb1 Ba3 27.Bxa2  1-0

[Event "28th Budapest Spring Festival"]
[Site "Budapest HUN"]
[Date "2012.04.02"]
[Round "8.15"]
[White "Kearns,C"]
[Black "Heyl,T"]
[Result "1-0"]
[WhiteElo "2079"]
[BlackElo "2032"]

1.e4 c5 2.Nf3 e6 3.d4 cxd4 4.Nxd4 a6 5.Bd3 Nf6 6.O-O d6 7.c4 Be7 8.Nc3 Nc6
9.Be3 O-O 10.Rc1 Ne5 11.Be2 d5 12.cxd5 exd5 13.exd5 Nxd5 14.Nxd5 Qxd5 15.Nf5 Nf3+
16.Bxf3 Qxf5 17.Rc7 Qe5 18.Bf4 Qxf4 19.Rxe7 Qb4 20.Qe2 Rb8 21.a3 Qb3 22.Qe3 Qxe3
23.fxe3 Be6 24.Bxb7 Rfd8 25.h3 Kf8 26.Rc7 f6 27.Rf2 a5 28.Be4 Rd1+ 29.Kh2 Re1
30.Rc3 Bg8 31.Rd2 Re8 32.Bc6 Rc8 33.e4 Bf7 34.Rdc2 Bg6 35.Rc4 Ke7 36.b4 axb4
37.axb4 Rb1 38.b5 Bf7 39.R4c3 Bg6 40.Rc4 Bf7 41.R4c3 Rc7 42.Kg3 Bb3 43.Rc1 Rxc1
44.Rxc1 Be6 45.b6 Rc8 46.b7 Rb8 47.Rd1 g5 48.Rd4 h5 49.Kf2 g4 50.h4 g3+ 51.Ke3 Bg4
52.Kd2 Be6 53.Kc3 Bg4 54.Rd2 Be6 55.Rd4 Bg4 56.Kc4 Be2+ 57.Kc5 Bf1 58.Rd2  1-0

[Event "1st Balagne GM"]
[Site "Calvi FRA"]
[Date "2012.04.02"]
[Round "1.4"]
[White "Piscopo,P"]
[Black "Bruno,Fabi"]
[Result "0-1"]
[WhiteElo "2383"]
[BlackElo "2435"]

1.e4 c5 2.Nf3 e6 3.d4 cxd4 4.Nxd4 a6 5.Bd3 Nf6 6.O-O Qc7 7.Qe2 d6 8.f4 Nbd7
9.Kh1 Be7 10.Nd2 O-O 11.N2f3 Nc5 12.b4 Nxd3 13.cxd3 b6 14.Bb2 Bb7 15.Rac1 Qd7
16.Nd2 b5 17.N2b3 Rac8 18.Na5 Ba8 19.Qd2 h6 20.Rxc8 Rxc8 21.Rc1 Rxc1+ 22.Qxc1 Ng4
23.Qc2 Bd8 24.h3 Nf6 25.Ndc6 Qc7 26.Qc3 Bxc6 27.Qxc6 Nd7 28.Qxc7 Bxc7 29.Nc6 h5
30.g3 Kf8 31.Kg2 g6 32.Kf3 Ke8 33.g4 hxg4+ 34.hxg4 Nb6 35.Nd4 Na4 36.Bc1 Nc3
37.a3 Bb6 38.Ne2 Nxe2 39.Kxe2 f5 40.gxf5 gxf5 41.Bb2 Kf7 42.Kf3 Kg6 43.Bc3 d5
44.exd5 exd5 45.Be5 Kh5 46.Bf6 Ba7 47.d4 Bb6 48.Kg3 a5 49.bxa5 Bxa5 50.Be7 Be1+
51.Kf3 Bc3 52.Bc5 Kh4 53.Be7+ Kh3 54.Bc5 Bb2 55.Bd6 Bxd4 56.Be5 Bc5 57.Bb2 Kh2  0-1

[Event "European Senior Teams 2012"]
[Site "Rogaska Slatina SLO"]
[Date "2012.04.02"]
[Round "7.11"]
[White "White,A"]
[Black "Kurka,Dieter"]
[Result "1-0"]
[WhiteElo "2097"]
[BlackElo "2093"]

1.e4 c5 2.Nf3 e6 3.d4 cxd4 4.Nxd4 a6 5.Bd3 Qc7 6.O-O Nf6 7.Qe2 d6 8.Be3 d5
9.f3 Bd6 10.g4 Bf4 11.g5 dxe4 12.fxe4 Bxe3+ 13.Qxe3 Ng4 14.Qg3 Qxg3+ 15.hxg3 Bd7
16.Nd2 Nc6 17.Nxc6 Bxc6 18.Nc4 Ke7 19.Rf4 h5 20.Raf1 Rhf8 21.Be2 Bb5 22.e5 Bxc4
23.Rxc4 Rac8 24.Rb4 b5 25.c4 Nxe5 26.cxb5 a5 27.Re4 Rc5 28.b4 axb4 29.Rxb4 Rc2
30.Re4 Nd7 31.a4 Nc5 32.Bd1 Rc3 33.Rh4 Rd8 34.Bxh5 g6 35.Bf3 Rdd3 36.Bg2 Rxg3
37.Rhf4 Rc2 38.Rxf7+ Kd6 39.Rd1+ Ke5 40.Rf2 Rxf2 41.Kxf2 Rb3 42.Ra1 Ne4+
43.Bxe4 Kxe4 44.Re1+ Kf5 45.Rc1 Rb4 46.Rc5+ Kf4 47.a5 e5 48.a6 Ra4 49.Rc2 e4
50.Rb2 Ra3 51.b6 Rh3 52.Kg2 Rg3+ 53.Kh2 Kf3 54.Rb3+  1-0

[Event "European Senior Teams 2012"]
[Site "Rogaska Slatina SLO"]
[Date "2012.04.03"]
[Round "8.8"]
[White "Morant,P"]
[Black "Borwell,A"]
[Result "1-0"]
[WhiteElo "2167"]
[BlackElo "2085"]

1.e4 c5 2.Nf3 e6 3.d4 cxd4 4.Nxd4 a6 5.Bd3 Nc6 6.Be3 Qc7 7.O-O Nf6 8.Nd2 Nxd4
9.Bxd4 e5 10.Bc3 b5 11.a3 Bc5 12.Kh1 d6 13.h3 h5 14.Nb3 Bb7 15.Qe2 O-O 16.f4 Rfe8
17.fxe5 dxe5 18.Nxc5 Qxc5 19.Rxf6 gxf6 20.Rf1 Kg7 21.Qxh5 Qe3 22.Rf5 Qh6
23.Qe2 Rh8 24.Bd2 Qg6 25.Rf3 Rag8 26.Qf2 Bxe4 27.Rg3 Kf8 28.Rxg6 Rxh3+ 29.Kg1  1-0

[Event "VIII Lubuska Wiosna Open"]
[Site "Gorzow Wielkopolski POL"]
[Date "2012.04.04"]
[Round "1"]
[White "Aliavdin,N"]
[Black "Samson,S"]
[Result "1-0"]
[WhiteElo "2411"]
[BlackElo "1534"]

1.e4 c5 2.Nf3 e6 3.d4 cxd4 4.Nxd4 a6 5.Bd3 b5 6.O-O Bb7 7.a4 Nc6 8.Be3 Nxd4
9.Bxd4 b4 10.Nd2 Ne7 11.a5 Nc6 12.Bb6 Qf6 13.Nc4 Be7 14.f4 O-O 15.e5 Qh4
16.Rf3 f5 17.Be2 Bc8 18.Be3 Qh5 19.Nb6 Rb8 20.Nxc8 Rbxc8 21.Qxd7 Qf7 22.Bxa6 Nb8
23.Qxc8 Rxc8 24.Bxc8 Bf8 25.a6 Qc7 26.Bxe6+ Kh8 27.a7 Bc5 28.a8=Q Bxe3+ 29.Rxe3 Qb6
30.Qa7 Qxe6 31.Qxb8+ Qg8 32.Ra8 g6  1-0

[Event "European Senior Teams 2012"]
[Site "Rogaska Slatina SLO"]
[Date "2012.04.04"]
[Round "9.19"]
[White "Smith,Stephen H"]
[Black "Kurka,Dieter"]
[Result "0-1"]
[WhiteElo "1855"]
[BlackElo "2093"]

1.e4 c5 2.Nf3 e6 3.d4 cxd4 4.Nxd4 a6 5.Bd3 Qc7 6.O-O Nf6 7.Qe2 d6 8.Be3 Nbd7
9.Nd2 b6 10.f4 Bb7 11.N4b3 Be7 12.g4 Nc5 13.Nxc5 bxc5 14.g5 Nd7 15.c4 O-O
16.Nf3 d5 17.exd5 exd5 18.cxd5 Bxd5 19.Bxh7+ Kxh7 20.Qd3+ Kg8 21.Qxd5 Rfe8
22.Rfe1 Rad8 23.g6 Rf8 24.gxf7+ Rxf7 25.Ng5 Bxg5 26.fxg5 Ne5 27.Qg2 Nf3+
28.Kh1 Nxe1 29.Rxe1 Qb7 30.g6 Qxg2+ 31.Kxg2 Rf6 32.Bxc5 Rxg6+ 33.Kh1 Rd2
34.Rg1 Rc6 35.b4 Rxa2 36.Rg2 Rxg2 37.Kxg2 a5 38.h3 a4 39.Be7 a3 40.b5 Rc2+  0-1

[Event "Pobeskydi Open 2012"]
[Site "Frydek Mistek CZE"]
[Date "2012.04.05"]
[Round "2"]
[White "Kanarkiewicz,M"]
[Black "Bernasek,J"]
[Result "0-1"]
[WhiteElo "2036"]
[BlackElo "2464"]

1.e4 c5 2.Nf3 e6 3.d4 cxd4 4.Nxd4 a6 5.Bd3 Bc5 6.Nb3 Ba7 7.O-O Nc6 8.a4 Nf6
9.Qe2 d6 10.N1d2 O-O 11.Nf3 Qc7 12.Bf4 Ng4 13.Nbd2 e5 14.Bg5 f5 15.exf5 d5
16.Nh4 Nxf2 17.Be3 Nxd3 18.cxd3 Nd4 19.Qg4 Nc2 20.Bxa7 Nxa1 21.Bf2 Nc2 22.Rc1 Ne3
23.Rxc7 Nxg4 24.Bc5 Rf7 25.Rxf7 Kxf7 26.h3 Nf6 27.Ndf3 e4 28.Ng5+ Kg8 29.dxe4 dxe4
30.Bd4 Bd7 31.Bxf6 gxf6 32.Nxe4 Kg7 33.Nc5 Bc6 34.a5 Kf7 35.Kf2 Rd8 36.Ke3 Rd1
37.Nf3 Rb1 38.b3 Ke7 39.Nd4 Bxg2 40.Nde6 Bxh3 41.Nd4 Bg2  0-1

[Event "39th La Roda Open"]
[Site "La Roda ESP"]
[Date "2012.04.05"]
[Round "2"]
[White "Madina Yadarola,M1"]
[Black "Fedorchuk,S"]
[Result "0-1"]
[WhiteElo "2230"]
[BlackElo "2634"]

1.e4 c5 2.Nf3 e6 3.d4 cxd4 4.Nxd4 a6 5.Bd3 Nf6 6.O-O Qc7 7.Nc3 Bc5 8.Nb3 Be7
9.a4 b6 10.Qe2 d6 11.Bg5 Nbd7 12.Rae1 Bb7 13.Kh1 Ne5 14.Bd2 O-O 15.f4 Nxd3
16.cxd3 Rac8 17.Rc1 Qb8 18.Nd4 Rfe8 19.Rc2 Nd7 20.Rfc1 Bf6 21.Nb3 Nc5 22.Nxc5 bxc5
23.Ra1 d5 24.e5 Be7 25.Nd1 Bc6 26.d4 Bxa4 27.Rc3 Bb5 28.Qh5 g6 29.Rg3 Bd3
30.Qh6 Bf8 31.Qh4 Bf5 32.dxc5 Bxc5 33.b4 Be7 34.Qh6 Bf8 35.Qh4 Rc2 36.Be1 Qb5
37.h3 Be7 38.Rg5 Bxg5  0-1

[Event "39th La Roda Open"]
[Site "La Roda ESP"]
[Date "2012.04.05"]
[Round "2"]
[White "Lanza,L"]
[Black "Bacallao Alonso,Y"]
[Result "0-1"]
[WhiteElo "2184"]
[BlackElo "2550"]

1.e4 c5 2.Nf3 e6 3.d4 cxd4 4.Nxd4 a6 5.Bd3 Bc5 6.Nb3 Be7 7.O-O d6 8.Nc3 Nd7
9.a4 b6 10.Qe2 Ngf6 11.Bd2 Bb7 12.Rae1 Qc7 13.f4 g6 14.Kh1 h5 15.e5 dxe5
16.fxe5 Ng4 17.Bf4 g5 18.Bg3 h4 19.Qxg4 hxg3 20.Qxg3 Bf6 21.Rxf6 Nxf6 22.Qxg5 Nd7
23.Nd4 Nc5 24.Ncb5 axb5 25.Bxb5+ Kf8 26.Qf6 Rh7 27.b4 Rg7 28.Re2 Rd8 29.Qf4 Kg8
30.h4 Nd7 31.h5 Nxe5 32.Rxe5 Rxg2 33.Nf3 Qxe5 34.Qxe5 Bxf3  0-1

[Event "6th Philadelphia Open"]
[Site "Philadelphia USA"]
[Date "2012.04.05"]
[Round "3.19"]
[White "Vibbert,Sean"]
[Black "Goletiani,R"]
[Result "1-0"]
[WhiteElo "2180"]
[BlackElo "2344"]

1.e4 c5 2.Nf3 e6 3.d4 cxd4 4.Nxd4 a6 5.Bd3 Nf6 6.Nc3 Qc7 7.O-O Be7 8.a4 b6
9.Be3 Bb7 10.f4 d6 11.h3 Nbd7 12.g4 Nc5 13.Qf3 Nfd7 14.Rac1 O-O 15.b4 Nxd3
16.cxd3 Qd8 17.f5 e5 18.Nb3 Bg5 19.Nd2 h6 20.Nc4 Be7 21.Nd5 Bxd5 22.exd5 Bg5
23.Bxg5 Qxg5 24.Nxd6 Qe7 25.Rc6 f6 26.Rfc1 e4 27.Qxe4 Ne5 28.Nc8 Qe8 29.Nxb6 Rb8
30.a5 Qd8 31.Re6 Nf7 32.Re7 Ng5 33.Rcc7 Rf7 34.Rxf7 Nxe4 35.Rxg7+ Kf8 36.Rcf7+ Ke8
37.Nd7  1-0

[Event "1st Balagne GM"]
[Site "Calvi FRA"]
[Date "2012.04.06"]
[Round "7.1"]
[White "Piscopo,P"]
[Black "Arnold,Mar"]
[Result "0-1"]
[WhiteElo "2383"]
[BlackElo "2502"]

1.e4 c5 2.Nf3 e6 3.d4 cxd4 4.Nxd4 a6 5.Bd3 Qc7 6.O-O Bc5 7.Nb3 Be7 8.a4 Nc6
9.a5 Nf6 10.Be3 d5 11.N1d2 O-O 12.Bb6 Qb8 13.Re1 Ne5 14.Qe2 Bd7 15.Rad1 Nxd3
16.Qxd3 Bb5 17.Qh3 dxe4 18.Nxe4 Nd5 19.Bd4 Nf4 20.Qg4 Ng6 21.Ng3 Qc8 22.Qf3 Rd8
23.Bc3 Bc6 24.Qe3 Rxd1 25.Rxd1 Qc7 26.Nh5 e5 27.Ng3 Rd8 28.Rxd8+ Qxd8 29.Qd2 Qxd2
30.Nxd2 f6 31.Nf5 Bf8 32.g3 Kf7 33.Ne3 Ke6 34.h4 h5 35.Ndc4 f5 36.Bd2 Be4
37.Na3 Bxa3 38.bxa3 f4 39.Ng2 Bxg2 40.Kxg2 Kf5 41.f3 e4 42.fxe4+ Kxe4 43.Bc3 fxg3
44.Kxg3 Ne7 45.Kf2 Nf5 46.Ke2 Nd4+ 47.Kd1 g6 48.Bb2 Nf5 49.Bf6 Kf3 50.Kd2 Kg4
51.Kd3 Nxh4 52.Kc4 Nf3 53.Bd8 h4 54.Bc7 Kf5 55.Kc5 g5 56.Kb6 Ne5  0-1

[Event "6th Philadelphia Open"]
[Site "Philadelphia USA"]
[Date "2012.04.07"]
[Round "7.7"]
[White "Panchanathan,M"]
[Black "Coleman,T"]
[Result "1-0"]
[WhiteElo "2557"]
[BlackElo "2356"]

1.e4 c5 2.Nf3 e6 3.d4 cxd4 4.Nxd4 a6 5.Bd3 Bc5 6.Nb3 Ba7 7.O-O Nc6 8.Qe2 Nge7
9.Be3 d6 10.c4 e5 11.Bxa7 Rxa7 12.Qe3 b6 13.Nc3 O-O 14.Rfd1 Be6 15.Rd2 Qb8
16.Rad1 Ng6 17.g3 Nce7 18.Be2 Nc8 19.Na1 b5 20.cxb5 axb5 21.Bxb5 f5 22.exf5 Rxf5
23.a4 Raf7 24.Bc6 Nge7 25.Bg2 h6 26.a5 d5 27.Nxd5 Nxd5 28.Rxd5 Rxf2 29.Rd8+ Kh7
30.Be4+ g6 31.Re8 Bd7 32.Qxf2 Bxe8 33.Qc5 Bd7 34.b4 Bh3 35.Nc2 Na7 36.Ne3 Nb5
37.Qc6  1-0

[Event "I FirstSun Mallorca"]
[Site "Cala Rajada ESP"]
[Date "2012.04.09"]
[Round "1"]
[White "Queirolo Perez,M"]
[Black "Monroy,C"]
[Result "0-1"]
[WhiteElo "2093"]
[BlackElo "2401"]

1.e4 c5 2.Nf3 e6 3.d4 cxd4 4.Nxd4 a6 5.Bd3 Bc5 6.Nb3 Be7 7.O-O d6 8.Be3 Nf6
9.Qe2 Nbd7 10.f4 Qc7 11.N1d2 b6 12.Kh1 Bb7 13.Bg1 h5 14.f5 e5 15.c4 h4 16.Rf3 Nh5
17.Be3 Qd8 18.Rh3 Bf6 19.g3 g6 20.fxg6 fxg6 21.Qg4 Nf8 22.Qf3 Qd7 23.g4 Nf4
24.Bxf4 exf4 25.Qxf4 Bxb2 26.Rb1 Be5 27.Qg5 Rh5 28.Qe3 Rh7 29.Qg5 Rf7 30.Rf3 Ne6
31.Qxg6 Nf4 32.Qg5 Rg7 33.Qf5 Rxg4 34.Nd4 Bxd4 35.Rxf4 Qxf5 36.Rxf5 O-O-O
37.Rbf1 h3 38.R5f4 Rxf4 39.Rxf4 Be3 40.Rf3 Bxd2 41.Rxh3 Rg8 42.Rf3 Bc3 43.h3 Bd4
44.Kh2 Re8  0-1

[Event "23rd Lenk Open"]
[Site "Lenk SUI"]
[Date "2012.04.09"]
[Round "7.11"]
[White "Schweizer,Simon"]
[Black "Schweizer,Samuel"]
[Result "1-0"]
[WhiteElo "1974"]
[BlackElo "1845"]

1.e4 c5 2.Nf3 e6 3.d4 cxd4 4.Nxd4 a6 5.Bd3 Qc7 6.O-O b6 7.c4 Bb7 8.Be3 Nf6
9.Nc3 d6 10.Qe2 Nbd7 11.f4 Nc5 12.Bf2 Nxd3 13.Qxd3 Rc8 14.b3 Be7 15.Rac1 O-O
16.Kh1 Rfd8 17.Qb1 Ba8 18.Rfe1 Qb7 19.Bg1 d5 20.cxd5 exd5 21.e5 Ne4 22.Nce2 b5
23.Rxc8 Rxc8 24.Rc1 Ba3 25.Rxc8+ Qxc8 26.Be3 Bb7 27.Qc2 Qxc2 28.Nxc2 Be7
29.Bd4 g6 30.Nc3 Nxc3 31.Bxc3 Bc5 32.b4 Bb6 33.Bd4 Bc7 34.Kg1 Bc8 35.Ne3 Be6
36.g4 f5 37.g5 a5 38.a3 Kf7 39.Kf2 Ke8 40.Ke2 Kd7 41.Kd3 Kc6 42.Nc2 axb4
43.axb4 Bf7 44.Bc5 Kb7 45.Nd4 Be8 46.Ne6 Bf7 47.Nf8 Bg8 48.Nd7 Bd8 49.Bd6 Kc6
50.Nf8 Bb6 51.h3 Bf2 52.Bb8 Be1 53.Bd6 Bf2 54.Be7 d4 55.Bf6 Bc4+ 56.Kc2 Be3
57.e6 d3+ 58.Kb2 d2 59.e7 Bf7 60.Kc2 Bxf4 61.Ne6 Bxe6 62.e8=Q+ Kd5 63.Qxb5+ Ke4
64.Qd3+  1-0

[Event "I FirstSun Mallorca"]
[Site "Cala Rajada ESP"]
[Date "2012.04.12"]
[Round "6"]
[White "Otte,Mari"]
[Black "Garcia Romero,B"]
[Result "1-0"]
[WhiteElo "2234"]
[BlackElo "2196"]

1.e4 c5 2.Nf3 e6 3.d4 cxd4 4.Nxd4 a6 5.Bd3 Bc5 6.Nb3 Ba7 7.Qg4 Nf6 8.Qh4 d6
9.O-O Nbd7 10.Kh1 Qc7 11.f4 b5 12.a4 b4 13.Qe1 h5 14.Be3 Ng4 15.Bxa7 Qxa7
16.h3 Bb7 17.Qxb4 Ndf6 18.Qd4 Bxe4 19.Qxa7 Rxa7 20.hxg4 hxg4+ 21.Kg1 Rc7
22.Nc3 Bb7 23.Na5 Bc8 24.Ne4 Ke7 25.Nxf6 gxf6 26.b4 Bd7 27.Bxa6 Rxc2 28.Rfc1 Bxa4
29.Rxc2 Bxc2 30.Rc1 Be4 31.Rc7+ Kf8 32.Rc8+ Kg7 33.Rxh8 Kxh8 34.b5 Bd3 35.Nc6 Kg7
36.Nb4 Be4 37.b6 Kg6 38.Bd3  1-0

[Event "Karposh Open 2012"]
[Site "Skopje MKD"]
[Date "2012.04.12"]
[Round "7.41"]
[White "Draskovic,L"]
[Black "Hadzi Manev,L"]
[Result "1-0"]
[WhiteElo "2212"]
[BlackElo "2067"]

1.e4 c5 2.Nf3 e6 3.d4 cxd4 4.Nxd4 a6 5.Bd3 Bc5 6.Nb3 Be7 7.Qe2 d6 8.f4 Nf6
9.Be3 Qc7 10.N1d2 Nbd7 11.O-O-O e5 12.f5 b5 13.g4 Nb6 14.g5 Nfd7 15.Kb1 Na4
16.Rhf1 d5 17.exd5 Ba3 18.d6 Qb8 19.Ne4 Bxb2 20.g6 hxg6 21.fxg6 f6 22.Qg4 Ndb6
23.Nxf6+ gxf6 24.g7 Nc3+ 25.Kxb2 Nxd1+ 26.Qxd1 Rg8 27.Qh5+ Kd8 28.Qf7 Na4+
29.Ka1 Qxd6 30.Rxf6 Qb4 31.Rd6+ Qxd6 32.Bg5+  1-0

[Event "Sydney International Open"]
[Site "Parramatta AUS"]
[Date "2012.04.15"]
[Round "9.5"]
[White "Horvath,Ad1"]
[Black "Nakauchi,G"]
[Result "1-0"]
[WhiteElo "2487"]
[BlackElo "2127"]

1.e4 c5 2.Nf3 e6 3.d4 cxd4 4.Nxd4 a6 5.Bd3 Bc5 6.Nb3 Ba7 7.Qg4 Nf6 8.Qg3 d6
9.Nc3 Nc6 10.Bg5 b5 11.O-O-O b4 12.Ne2 e5 13.f4 h6 14.Bh4 g5 15.fxg5 Nh5
16.Qf3 hxg5 17.Bc4 Be6 18.Bxe6 fxe6 19.Bf2 Qe7 20.Bxa7 Rxa7 21.Rhf1 Nf4 22.g3 Nxe2+
23.Qxe2 Kd7 24.Qc4 Rxh2 25.Nc5+ Kc7 26.Nxa6+ Kb6 27.Nxb4 Na5 28.Qd3 d5 29.a3 d4
30.Kb1 Nb7 31.Qb3 Kc7 32.Qc4+ Qc5 33.Qxe6 Nd6 34.Rf6 Rh7 35.Nd5+ Kc6 36.Qxe5 Rhb7
37.Nb4+ Kb5 38.Qxd6 Rd7 39.Qxc5+ Kxc5 40.Rdf1  1-0

[Event "14th Dubai Open 2012"]
[Site "Dubai UAE"]
[Date "2012.04.16"]
[Round "2.3"]
[White "Khukhashvili,S"]
[Black "Akopian,Vl"]
[Result "0-1"]
[WhiteElo "2408"]
[BlackElo "2684"]

1.e4 c5 2.Nf3 e6 3.d4 cxd4 4.Nxd4 a6 5.Bd3 Nf6 6.O-O Qc7 7.Nc3 Bc5 8.Be3 O-O
9.Na4 Ba7 10.c4 d6 11.Rc1 Nbd7 12.Bb1 Ne5 13.Bg5 Bd7 14.Nc3 Qb6 15.Nf3 Nfg4
16.Qe2 Nxf3+ 17.Qxf3 Ne5 18.Qg3 Qxb2 19.Nd1 Qe2 20.Bf6 Ng6 21.Bg5 Bc5 22.Be3 e5
23.h3 Be6 24.Rc2 Qh5 25.Bxc5 dxc5 26.Ne3 Nf4 27.f3 Rad8 28.Kh2 Rd6 29.Rd1 Rxd1
30.Nxd1 Rd8 31.Ne3 Rd6 32.Rb2 b6 33.a4 a5 34.Nf5 Bxf5 35.exf5 Qh6 36.Qe1 Qf6
37.Qe4 g6 38.g3 Nh5 39.fxg6 hxg6 40.h4 Rd4 41.Qb7 Nxg3 42.Kxg3 Qxh4+ 43.Kg2 Qg5+
44.Kf2 Rh4 45.Rc2 Rh2+ 46.Kf1 Rh1+ 47.Ke2 Rxb1  0-1

[Event "14th Dubai Open 2012"]
[Site "Dubai UAE"]
[Date "2012.04.21"]
[Round "7.18"]
[White "Baghdasaryan,V"]
[Black "Pantsulaia,L"]
[Result "0-1"]
[WhiteElo "2406"]
[BlackElo "2595"]

1.e4 c5 2.Nf3 e6 3.d4 cxd4 4.Nxd4 a6 5.Bd3 Nf6 6.O-O Qc7 7.Re1 d6 8.f4 Nbd7
9.Qf3 g6 10.Nd2 Bg7 11.c3 O-O 12.Nf1 b6 13.Ng3 Bb7 14.Rf1 h5 15.Bd2 Nc5 16.h4 Ng4
17.Qe2 Bxd4+ 18.cxd4 Nxd3 19.Qxd3 Qd8 20.Rfc1 Qxh4 21.Rc7 Bxe4 22.Nxe4 Qh2+
23.Kf1 Qh1+ 24.Ke2 Qxg2+ 25.Ke1 Qh1+ 26.Ke2 Qxa1 27.Ng5 Kg7 28.d5 e5 29.Ne6+ Kg8
30.Ng5 exf4  0-1